Evaluación de las modificaciones de cuatro factores que influyen en la formación de trihalometanos y ácidos haloacéticos en la planta potabilizadora de Boaco a nivel de laboratorio

Determina el comportamiento de los trihalometanos medidas como cloroformo CHCl3 en la planta de tratamiento de agua potable en la ciudad de Boaco, asimismo se evalúa la eficiencia del proceso de potabilización con el propósito de determinar la calidad del agua.Analiza tres puntos de muestras en l...

Full description

Bibliographic Details
Main Authors: Rodríguez Gómez, Raúl Antonio, López González, Yelba de los Ángeles
Other Authors: Tutor: García Granados, Indiana
Format: Tesis Section = Libro
Language:Undetermined
Spanish
Published: Managua UNI 2004
Subjects:
LEADER 01588nam a2200289Ia 4500
008 240830s9999 xx 000 0 und d
040 |a BIBLIOTECA-RUSB/ Mon 628.162 R696 
041 |a spa 
082 |a Mon 628.162 R696 
100 1 |a Rodríguez Gómez, Raúl Antonio 
100 1 |b López González, Yelba de los Ángeles 
245 1 0 |a Evaluación de las modificaciones de cuatro factores que influyen en la formación de trihalometanos y ácidos haloacéticos en la planta potabilizadora de Boaco a nivel de laboratorio 
260 |a Managua  |b UNI  |c 2004 
300 |a 170 p. :il. 
502 |a Tesis (Ingeniero Químico) - UNI, 2004. 
520 3 |a Determina el comportamiento de los trihalometanos medidas como cloroformo CHCl3 en la planta de tratamiento de agua potable en la ciudad de Boaco, asimismo se evalúa la eficiencia del proceso de potabilización con el propósito de determinar la calidad del agua.Analiza tres puntos de muestras en la planta (agua cruda, agua sedimentada y agua potable) en los cuales se evaluó las características físico, químicas, orgánicas y bacteriológicas. 
650 7 |a TRATAMIENTO PARA ABASTECIMIENTO DE AGUA POTABLE BOACO 
650 7 |b  COAGULACIÓN PTAP 
650 7 |c  SEDIMENTACIÓN PTAP 
650 7 |d  FLOCULACIÓN 
650 7 |e  CARACTERÍSTICAS MICROBIOLOGICAS - PTAP 
650 7 |f  IMPACTOS DE CAMBIOS - CALIDAD DEL AGUA 
650 7 |g  PROCESOS DE POTABILIZACIÓN PTAP - BOACO - DOSIFICACIÓN DE CLORO 
700 1 |a Tutor:  |b García Granados, Indiana 
942 |c BK  |2 ddc 
991 |a TESIS 
999 |c 20432